000 00603nam a2200193Ia 4500
008 140925s9999 xx 000 0 und d
020 _a1752-9824
100 _aKralik, Debbie.
245 _aJournal of Nursing and Healthcare of Chronic Illness /
_cDebbie Kralik.
_h[electronic resource]
260 _bJohn Wiley & Sons, Inc.,
_cc2014.
516 _aElectronic text
650 _aHealthcare.
650 _aJournal.
650 _aNursing.
830 _aJohn Wiley & Sons, Inc.
856 _uhttp://onlinelibrary.wiley.com/journal/10.1111/%28ISSN%291752-9824
942 _cEJ
999 _c275673
_d275673